Capital de intangibles

Bibliographic Details
Main Author: Rodrg̕uez Villavicencio, Jos ̌Roberto
Other Authors: Ibarra Rosero, Juan Carlos
Format: eBook
Language:Spanish
Published: Bogot:̀ ECOE, 2019
Subjects:
Online Access:Acceso restringido

MARC

LEADER 00000nam a22000007a 4500
005 20190903133143.0
007 cr|||| ||||
008 190903s2019 co |||||s|||| 00||0 spa d
020 |a 978-958-771-793-8 
035 |a 24778 
040 |a vLex 
090 |c 9366  |d 9366 
100 1 |a Rodrg̕uez Villavicencio, Jos ̌Roberto 
245 1 0 |a Capital de intangibles  |h [Recurso electrn̤ico] /  |c Jos ̌Roberto Rodrg̕uez Villavicencio, Juan Carlos Ibarra Rosero 
256 |a Servicio en ln̕ea 
260 |a Bogot:̀  |b ECOE,  |c 2019 
300 |a 1 recurso electrn̤ico 
506 1 |a Disponible solo en los productos indicados  |d vLex Global  |d vLex Global (Academic Edition, excluding Law Schools)  |d vLex Global (U.S. Academic Edition, Law Schools)  |d vLex Global (U.S. Academic Edition, excluding Law Schools)  |d vLex Global (Academic Edition, Law Schools) 
650 0 4 |a Contabilidad  |z Colombia 
700 1 |a Ibarra Rosero, Juan Carlos 
740 0 |a vLex Libros (Servicio en ln̕ea) 
856 4 0 |u http://vlex.com/source/capital-de-intangibles-24778  |z Acceso restringido 
942 |c BOOK 
999 0 |a Accounting